[Event "DEM U10w 2018"]
[Site "Willingen GER"]
[Date "2018.05.22"]
[Round "5"]
[White "Peglau, Dora"]
[Black "Pröttel, Ela"]
[Result "1-0"]
[Termination "normal"]
[Board "4"]
[WhiteElo "1203"]
[BlackElo "1125"]
[WhiteClock "00:24:00"]
[BlackClock "00:20:20"]
[PlyCount "125"]
[WhiteFideId "16220005"]
[BlackFideId "44582749"]
[EventCountry "GER"]
[EventRounds "11"]
[EventType "swiss"]
[EventDate "2018.05.19"]

1. e4 {[%clk 1:15:58]} 1... c5 {[%clk 1:15:52]} 2. Nf3 {[%clk 1:16:21]} 2... a6
{[%clk 1:16:12]} 3. c3 {[%clk 1:16:44]} 3... e6 {[%clk 1:16:27]} 4. d4 { [%clk
1:17:04]} 4... d5 {[%clk 1:16:46]} 5. exd5 {[%clk 1:17:25]} 5... exd5 { [%clk
1:17:06]} 6. Bd3 {[%clk 1:17:42]} 6... c4 {[%clk 1:17:20]} 7. Bc2 { [%clk
1:17:59]} 7... Bd6 {[%clk 1:17:35]} 8. O-O {[%clk 1:17:42]} 8... Ne7 { [%clk
1:17:58]} 9. Re1 {[%clk 1:14:03]} 9... O-O {[%clk 1:18:00]} 10. Nbd2 { [%clk
1:04:54]} 10... Nbc6 {[%clk 1:16:44]} 11. Nf1 {[%clk 0:47:41]} 11... Bf5 {[%clk
1:15:40]} 12. Bxf5 {[%clk 0:41:28]} 12... Nxf5 {[%clk 1:15:50]} 13. Be3 {[%clk
0:39:16]} 13... Re8 {[%clk 1:12:26]} 14. Qc2 {[%clk 0:38:34]} 14... Nfe7 {[%clk
1:09:14]} 15. Ng3 {[%clk 0:35:54]} 15... Bxg3 {[%clk 1:05:09]} 16. hxg3 {[%clk
0:35:49]} 16... Qb6 {[%clk 1:02:35]} 17. Bf4 {[%clk 0:34:09]} 17... Ng6 {[%clk
1:00:33]} 18. Bd6 {[%clk 0:29:43]} 18... Rad8 {[%clk 0:50:24]} 19. Bc5 { [%clk
0:28:42]} 19... Qc7 {[%clk 0:50:20]} 20. b3 {[%clk 0:28:09]} 20... b5 { [%clk
0:50:12]} 21. bxc4 {[%clk 0:26:16]} 21... bxc4 {[%clk 0:48:59]} 22. Rab1 {[%clk
0:26:16]} 22... Rxe1+ {[%clk 0:48:41]} 23. Nxe1 {[%clk 0:26:07]} 23... Rb8
{[%clk 0:40:25]} 24. Kf1 {[%clk 0:17:30]} 24... Rxb1 {[%clk 0:39:50]} 25. Qxb1
{[%clk 0:17:50]} 25... h6 {[%clk 0:39:34]} 26. Nc2 {[%clk 0:17:27]} 26... Nf8
{[%clk 0:36:02]} 27. Bxf8 {[%clk 0:17:05]} 27... Kxf8 {[%clk 0:36:05]} 28. Ne3
{[%clk 0:17:09]} 28... g6 {[%clk 0:30:48]} 29. Nxd5 {[%clk 0:16:41]} 29... Qa5
{[%clk 0:20:22]} 30. Nb4 {[%clk 0:16:02]} 30... Nxb4 {[%clk 0:20:10]} 31. Qxb4+
{[%clk 0:16:20]} 31... Qxb4 {[%clk 0:20:28]} 32. cxb4 {[%clk 0:16:44]} 32...
Ke7 {[%clk 0:20:38]} 33. Ke2 {[%clk 0:17:02]} 33... Kd6 {[%clk 0:20:52]} 34.
Kd2 {[%clk 0:17:21]} 34... Kd5 {[%clk 0:20:27]} 35. Kc3 {[%clk 0:17:45]} 35...
f6 {[%clk 0:20:15]} 36. a4 {[%clk 0:18:03]} 36... f5 {[%clk 0:18:36]} 37. b5
{[%clk 0:18:24]} 37... axb5 {[%clk 0:17:50]} 38. axb5 {[%clk 0:18:44]} 38... h5
{[%clk 0:17:51]} 39. b6 {[%clk 0:19:08]} 39... Kc6 {[%clk 0:17:54]} 40. Kxc4
{[%clk 0:19:25]} 40... Kxb6 {[%clk 0:18:06]} 41. Kd5 {[%clk 0:19:41]} 41... Kc7
{[%clk 0:18:15]} 42. Ke6 {[%clk 0:20:05]} 42... Kd8 {[%clk 0:18:17]} 43. d5 {
[%clk 0:20:23]} 43... g5 44. Kxf5 {[%clk 0:20:32]} 44... g4 {[%clk 0:18:13]}
45. Ke6 {[%clk 0:20:49]} 45... Ke8 {[%clk 0:18:14]} 46. d6 {[%clk 0:21:11]}
46... Kd8 {[%clk 0:18:32]} 47. d7 {[%clk 0:21:33]} 47... Kc7 {[%clk 0:18:44]}
48. Ke7 {[%clk 0:21:57]} 48... Kc6 {[%clk 0:18:48]} 49. d8=Q {[%clk 0:22:20]}
49... Kc5 {[%clk 0:19:01]} 50. Qd6+ {[%clk 0:22:37]} 50... Kb5 {[%clk 0:19:09]}
51. Qc7 {[%clk 0:22:57]} 51... Kb4 {[%clk 0:19:27]} 52. Kd6 {[%clk 0:23:15]}
52... Kb3 {[%clk 0:19:48]} 53. Qc5 {[%clk 0:23:37]} 53... Kb2 {[%clk 0:19:50]}
54. Qc4 {[%clk 0:23:55]} 54... h4 {[%clk 0:19:58]} 55. gxh4 {[%clk 0:24:09]}
55... g3 {[%clk 0:20:20]} 56. Kd5 {[%clk 0:24:00]} 56... gxf2 57. Kd4 f1=Q 58.
Qxf1 Kb3 59. Qc4+ Kb2 60. Kd3 Ka1 61. Qb4 Ka2 62. Kc2 Ka1 63. Qb2# 1-0

[Event "DEM U10w 2018"]
[Site "Willingen GER"]
[Date "2018.05.22"]
[Round "5"]
[White "Arnold, Rubina"]
[Black "Czäczine, Laura"]
[Result "1-0"]
[Termination "normal"]
[Board "6"]
[WhiteElo "1133"]
[BlackElo "1171"]
[WhiteClock "00:45:23"]
[BlackClock "00:29:34"]
[PlyCount "97"]
[WhiteFideId "16276272"]
[BlackFideId "16211448"]
[EventCountry "GER"]
[EventRounds "11"]
[EventType "swiss"]
[EventDate "2018.05.19"]

1. d4 {[%clk 1:15:55]} 1... d5 {[%clk 1:15:38]} 2. Bf4 {[%clk 1:16:13]} 2...
Nf6 {[%clk 1:13:46]} 3. Nf3 {[%clk 1:16:13]} 3... Nc6 {[%clk 1:12:32]} 4. Nc3 {
[%clk 1:15:17]} 4... e6 {[%clk 1:09:10]} 5. a3 {[%clk 1:12:50]} 5... Be7 {
[%clk 1:05:23]} 6. e3 {[%clk 1:12:43]} 6... O-O {[%clk 1:03:25]} 7. Bd3 { [%clk
1:11:37]} 7... b6 {[%clk 1:00:28]} 8. O-O {[%clk 1:10:55]} 8... Bb7 { [%clk
1:00:32]} 9. Re1 {[%clk 1:10:32]} 9... Bd6 {[%clk 0:57:22]} 10. Bxd6 { [%clk
1:09:13]} 10... Qxd6 {[%clk 0:57:41]} 11. Nb5 {[%clk 1:08:59]} 11... Qd7 {[%clk
0:57:05]} 12. c4 {[%clk 1:07:35]} 12... Rfe8 {[%clk 0:54:08]} 13. Ne5 { [%clk
1:06:12]} 13... Nxe5 {[%clk 0:51:25]} 14. dxe5 {[%clk 1:04:31]} 14... Ne4
{[%clk 0:50:12]} 15. Bxe4 {[%clk 1:04:51]} 15... Qc6 {[%clk 0:49:04]} 16. Nd4 {
[%clk 1:04:15]} 16... Qc5 {[%clk 0:48:09]} 17. Bf3 {[%clk 1:04:09]} 17... Rad8
{[%clk 0:46:40]} 18. Qc2 {[%clk 1:03:14]} 18... Qe7 {[%clk 0:43:45]} 19. b4 {
[%clk 1:00:11]} 19... Qg5 {[%clk 0:42:57]} 20. cxd5 {[%clk 0:59:30]} 20... exd5
{[%clk 0:42:31]} 21. Qxc7 {[%clk 0:59:39]} 21... Bc8 {[%clk 0:40:33]} 22. Qxa7
{[%clk 0:59:16]} 22... Bd7 {[%clk 0:37:45]} 23. Qxb6 {[%clk 0:55:54]} 23... Rb8
{[%clk 0:36:41]} 24. Qd6 {[%clk 0:55:41]} 24... Rbd8 {[%clk 0:35:54]} 25. Qxd5
{[%clk 0:55:14]} 25... Rxe5 {[%clk 0:36:07]} 26. Qd6 {[%clk 0:54:33]} 26... Bb5
{[%clk 0:33:24]} 27. Qc7 {[%clk 0:53:14]} 27... Bd7 {[%clk 0:31:36]} 28. Nc6 {
[%clk 0:53:08]} 28... Bxc6 {[%clk 0:30:17]} 29. Bxc6 {[%clk 0:52:59]} 29... Re6
{[%clk 0:29:38]} 30. Bd7 {[%clk 0:51:40]} 30... Rg6 {[%clk 0:29:49]} 31. g3 {
[%clk 0:51:29]} 31... h6 {[%clk 0:29:42]} 32. Bf5 {[%clk 0:51:22]} 32... Ra6 {
[%clk 0:29:16]} 33. e4 {[%clk 0:50:24]} 33... Rd2 {[%clk 0:28:58]} 34. Qc8+ {
[%clk 0:47:57]} 34... Rd8 {[%clk 0:29:02]} 35. Qxa6 {[%clk 0:48:07]} 35... g6 {
[%clk 0:29:09]} 36. Bh3 {[%clk 0:47:34]} 36... Rd2 {[%clk 0:29:11]} 37. e5 {
[%clk 0:46:46]} 37... Qh5 {[%clk 0:29:07]} 38. Qc8+ {[%clk 0:46:41]} 38... Kg7
{[%clk 0:29:27]} 39. Bg2 {[%clk 0:46:52]} 39... Qg5 {[%clk 0:28:30]} 40. e6 {
[%clk 0:46:22]} 40... Qf6 {[%clk 0:28:28]} 41. Rf1 {[%clk 0:46:24]} 41... fxe6
{[%clk 0:28:43]} 42. b5 {[%clk 0:45:49]} 42... Rxf2 {[%clk 0:28:54]} 43. Rxf2 {
[%clk 0:45:42]} 43... Qxa1+ {[%clk 0:29:11]} 44. Bf1 {[%clk 0:45:43]} 44...
Qxa3 {[%clk 0:29:16]} 45. Qxe6 {[%clk 0:45:43]} 45... Qa8 {[%clk 0:29:23]} 46.
Rf7+ {[%clk 0:45:21]} 46... Kh8 {[%clk 0:29:23]} 47. Qxg6 {[%clk 0:44:59]}
47... Qg8 {[%clk 0:29:19]} 48. Qxh6+ {[%clk 0:45:23]} 48... Qh7 {[%clk 0:29:34]
} 49. Qxh7# 1-0

[Event "DEM U10w 2018"]
[Site "Willingen GER"]
[Date "2018.05.22"]
[Round "5"]
[White "Englert, Lin"]
[Black "Klonov, Sofia"]
[Result "0-1"]
[Termination "normal"]
[Board "7"]
[WhiteElo "1316"]
[BlackElo "1028"]
[WhiteClock "00:59:45"]
[BlackClock "00:24:45"]
[PlyCount "54"]
[WhiteFideId "16226410"]
[BlackFideId "16226240"]
[EventCountry "GER"]
[EventRounds "11"]
[EventType "swiss"]
[EventDate "2018.05.19"]

1. e4 {[%clk 1:15:58]} 1... c5 {[%clk 1:15:53]} 2. Nf3 {[%clk 1:16:23]} 2...
Nc6 {[%clk 1:16:15]} 3. d4 {[%clk 1:16:39]} 3... cxd4 {[%clk 1:16:37]} 4. Nxd4
{[%clk 1:16:54]} 4... g6 {[%clk 1:16:56]} 5. Nc3 {[%clk 1:16:52]} 5... Bg7 {
[%clk 1:17:14]} 6. Be3 {[%clk 1:16:47]} 6... Nf6 {[%clk 1:17:30]} 7. Bc4 {
[%clk 1:15:51]} 7... Qa5 {[%clk 1:17:48]} 8. Nxc6 {[%clk 1:15:13]} 8... dxc6 {
[%clk 1:16:18]} 9. Bd2 {[%clk 1:14:58]} 9... O-O {[%clk 1:14:53]} 10. Bb3 {
[%clk 1:12:41]} 10... Bd7 {[%clk 1:06:31]} 11. O-O {[%clk 1:11:33]} 11... Bg4 {
[%clk 1:00:22]} 12. Qe1 {[%clk 1:10:15]} 12... Qc7 {[%clk 0:59:18]} 13. h3 {
[%clk 1:10:10]} 13... Bd7 14. Qc1 {[%clk 1:08:17]} 14... Rad8 {[%clk 0:51:09]}
15. Bf4 {[%clk 1:07:23]} 15... e5 {[%clk 0:46:39]} 16. Bg3 {[%clk 1:05:38]}
16... Rfe8 {[%clk 0:46:12]} 17. Qe3 {[%clk 1:05:18]} 17... c5 {[%clk 0:45:50]}
18. a3 {[%clk 1:03:22]} 18... c4 {[%clk 0:45:21]} 19. Ba2 {[%clk 1:02:51]}
19... Be6 {[%clk 0:37:51]} 20. Rad1 20... a6 {[%clk 0:37:47]} 21. Rxd8 { [%clk
1:02:33]} 21... Rxd8 {[%clk 0:31:26]} 22. Rd1 b5 23. Rxd8+ { [%clk 1:00:35]}
23... Qxd8 {[%clk 0:31:46]} 24. Bxe5 Ng4 25. hxg4 { [%clk 1:01:08]} 25... Bxe5
{[%clk 0:25:38]} 26. Qf3 {[%clk 1:00:49]} 26... Qd2 {[%clk 0:25:00]} 27. Bb1
{[%clk 0:59:45]} 27... Qe1# {[%clk 0:24:45]} 0-1

[Event "DEM U10w 2018"]
[Site "Willingen GER"]
[Date "2018.05.22"]
[Round "5"]
[White "Khanbekyan, Nare"]
[Black "Trunz, Tamila"]
[Result "1-0"]
[Termination "normal"]
[Board "8"]
[WhiteElo "1123"]
[BlackElo "1046"]
[WhiteClock "00:10:20"]
[BlackClock "01:02:23"]
[PlyCount "69"]
[WhiteFideId "16270916"]
[BlackFideId "16267885"]
[EventCountry "GER"]
[EventRounds "11"]
[EventType "swiss"]
[EventDate "2018.05.19"]

1. e4 {[%clk 1:15:57]} 1... e5 {[%clk 1:15:54]} 2. Nf3 {[%clk 1:16:14]} 2...
Nc6 {[%clk 1:16:08]} 3. Bc4 {[%clk 1:16:29]} 3... Bc5 {[%clk 1:16:29]} 4. c3 {
[%clk 1:16:44]} 4... d6 {[%clk 1:16:18]} 5. d4 {[%clk 1:14:57]} 5... exd4 {
[%clk 1:16:18]} 6. Ng5 {[%clk 1:12:22]} 6... Nh6 {[%clk 1:16:02]} 7. Qh5 {
[%clk 1:11:28]} 7... O-O {[%clk 1:15:19]} 8. Bxf7+ {[%clk 1:06:39]} 8... Rxf7 {
[%clk 1:15:17]} 9. Nxf7 {[%clk 1:06:18]} 9... Nxf7 {[%clk 1:15:23]} 10. Bf4 {
[%clk 0:59:54]} 10... Be6 {[%clk 1:14:22]} 11. Nd2 {[%clk 0:58:30]} 11... Qf6 {
[%clk 1:14:10]} 12. Qf3 {[%clk 0:53:05]} 12... Re8 {[%clk 1:13:25]} 13. O-O-O {
[%clk 0:52:04]} 13... dxc3 {[%clk 1:12:23]} 14. bxc3 {[%clk 0:51:52]} 14... b5
{[%clk 1:11:00]} 15. g4 {[%clk 0:45:07]} 15... Bxa2 {[%clk 1:10:33]} 16. h4 {
[%clk 0:40:36]} 16... Nce5 {[%clk 1:08:14]} 17. g5 17... Nd3+ {[%clk 1:07:00]}
18. Qxd3 {[%clk 0:35:03]} 18... Qxf4 {[%clk 1:07:00]} 19. Qxb5 {[%clk 0:30:52]}
19... Rf8 {[%clk 1:06:57]} 20. Qa4 {[%clk 0:25:33]} 20... Be6 {[%clk 1:06:24]}
21. Qc6 {[%clk 0:20:52]} 21... Bb6 {[%clk 1:05:43]} 22. f3 {[%clk 0:19:51]}
22... Ne5 {[%clk 1:05:31]} 23. Qa4 {[%clk 0:19:18]} 23... Nd3+ {[%clk 1:05:15]}
24. Kc2 {[%clk 0:18:32]} 24... Nf2 {[%clk 1:05:21]} 25. Rdf1 {[%clk 0:15:40]}
25... Nxh1 {[%clk 1:05:26]} 26. Rxh1 {[%clk 0:15:19]} 26... Be3 {[%clk 1:04:59]
} 27. Nb3 {[%clk 0:13:58]} 27... Qxf3 {[%clk 1:05:04]} 28. Nd4 {[%clk 0:13:32]}
28... Qxh1 {[%clk 1:04:43]} 29. Nxe6 {[%clk 0:11:01]} 29... Qc1+ { [%clk
1:04:08]} 30. Kd3 {[%clk 0:10:18]} 30... Qd2+ {[%clk 1:04:05]} 31. Kc4 { [%clk
0:09:59]} 31... Rc8 {[%clk 1:03:51]} 32. Qd7 {[%clk 0:09:48]} 32... Qa2+ {[%clk
1:03:31]} 33. Kd3 {[%clk 0:09:48]} 33... Qd2+ {[%clk 1:03:26]} 34. Kc4 { [%clk
0:10:00]} 34... Ra8 {[%clk 1:02:23]} 35. Qxg7# {[%clk 0:10:20]} 1-0

[Event "DEM U10w 2018"]
[Site "Willingen GER"]
[Date "2018.05.22"]
[Round "5"]
[White "Scheerer, Amelie"]
[Black "Sickmann, Lisa"]
[Result "0-1"]
[Termination "normal"]
[Board "9"]
[WhiteElo "957"]
[BlackElo "1119"]
[WhiteClock "01:16:38"]
[BlackClock "01:22:19"]
[PlyCount "58"]
[WhiteFideId "16275772"]
[BlackFideId "16267818"]
[EventCountry "GER"]
[EventRounds "11"]
[EventType "swiss"]
[EventDate "2018.05.19"]

1. e4 {[%clk 1:15:57]} 1... e5 {[%clk 1:15:55]} 2. Nf3 {[%clk 1:16:21]} 2...
Nf6 {[%clk 1:16:20]} 3. Nc3 {[%clk 1:16:38]} 3... Nc6 {[%clk 1:16:44]} 4. Bc4 {
[%clk 1:16:57]} 4... Bc5 {[%clk 1:17:07]} 5. d3 {[%clk 1:17:08]} 5... d6 {
[%clk 1:17:32]} 6. Bg5 {[%clk 1:17:14]} 6... Bg4 {[%clk 1:17:54]} 7. O-O {
[%clk 1:17:33]} 7... Nd4 {[%clk 1:18:16]} 8. Nd5 {[%clk 1:17:08]} 8... c6 {
[%clk 1:18:34]} 9. Nxf6+ {[%clk 1:16:54]} 9... gxf6 {[%clk 1:18:54]} 10. Bh4 {
[%clk 1:17:05]} 10... Rg8 {[%clk 1:19:12]} 11. Re1 {[%clk 1:16:52]} 11... Nxf3+
{[%clk 1:19:31]} 12. gxf3 12... Bxf3+ {[%clk 1:19:48]} 13. Kf1 {[%clk 1:17:09]}
13... Bxd1 {[%clk 1:20:05]} 14. Raxd1 {[%clk 1:17:33]} 14... Qe7 { [%clk
1:19:23]} 15. c3 {[%clk 1:17:12]} 15... O-O-O {[%clk 1:19:42]} 16. d4 { [%clk
1:17:31]} 16... exd4 {[%clk 1:20:03]} 17. cxd4 {[%clk 1:17:42]} 17... Rg4
{[%clk 1:20:07]} 18. Bg3 {[%clk 1:17:28]} 18... Bb6 {[%clk 1:20:20]} 19. f3 {
[%clk 1:17:33]} 19... Rg6 {[%clk 1:20:19]} 20. e5 {[%clk 1:16:48]} 20... fxe5 {
[%clk 1:20:19]} 21. dxe5 {[%clk 1:16:55]} 21... d5 {[%clk 1:20:38]} 22. Bd3 {
[%clk 1:16:51]} 22... Rg7 {[%clk 1:20:50]} 23. Bf5+ {[%clk 1:16:52]} 23... Kb8
{[%clk 1:20:57]} 24. e6+ {[%clk 1:17:01]} 24... Bc7 {[%clk 1:21:15]} 25. exf7 {
[%clk 1:17:08]} 25... Qxf7 {[%clk 1:21:32]} 26. Be6 {[%clk 1:16:26]} 26...
Qxf3+ {[%clk 1:21:47]} 27. Kg1 {[%clk 1:16:07]} 27... Bxg3 {[%clk 1:21:55]} 28.
hxg3 {[%clk 1:16:23]} 28... Rxg3+ {[%clk 1:22:19]} 29. Kh2 {[%clk 1:16:38]}
29... Qg2# 0-1

[Event "DEM U10w 2018"]
[Site "Willingen GER"]
[Date "2018.05.22"]
[Round "5"]
[White "Loos, Tilda"]
[Black "Loos, Violeta"]
[Result "1/2-1/2"]
[Termination "normal"]
[Board "10"]
[WhiteElo "1091"]
[BlackElo "1023"]
[PlyCount "98"]
[WhiteFideId "34620559"]
[BlackFideId "34605290"]
[EventCountry "GER"]
[EventRounds "11"]
[EventType "swiss"]
[EventDate "2018.05.19"]

1. e4 e5 2. Nf3 Nf6 3. Nc3 Nc6 4. Be2 Bc5 5. d3 h6 6. Be3 d6 7. O-O O-O 8. d4
exd4 9. Nxd4 Nxd4 10. Bxd4 Bxd4 11. Qxd4 c5 12. Qd2 Re8 13. f3 Be6 14. Bb5 Re7
15. b3 d5 16. exd5 Nxd5 17. Nxd5 Bxd5 18. Rae1 Re6 19. Rxe6 Bxe6 20. Qxd8+ Rxd8
21. Re1 a6 22. Bc4 Bxc4 23. bxc4 Rd2 24. Re7 b5 25. cxb5 axb5 26. Re5 Rxc2 27.
a3 Rc4 28. Kf2 Ra4 29. Rxc5 Ra5 30. a4 Rxa4 31. Rxb5 f6 32. Rb7 Kh7 33. g4 Ra2+
34. Kg3 Ra5 35. h4 Ra3 36. Rb8 g5 37. hxg5 hxg5 38. Rb7+ Kg6 39. Re7 Rd3 40.
Re4 Kf7 41. Kf2 Ra3 42. Re3 Ra2+ 43. Re2 Ra3 44. Re4 Rb3 45. f4 gxf4 46. Rxf4
Kg6 47. Rf3 Rxf3+ 48. Kxf3 f5 49. gxf5+ Kxf5 1/2-1/2

[Event "DEM U10w 2018"]
[Site "Willingen GER"]
[Date "2018.05.22"]
[Round "5"]
[White "Bako, Evelin"]
[Black "Hoffmann, Sophia"]
[Result "1-0"]
[Termination "normal"]
[Board "11"]
[WhiteElo "971"]
[BlackElo "1072"]
[PlyCount "73"]
[WhiteFideId "16271823"]
[BlackFideId "16259130"]
[EventCountry "GER"]
[EventRounds "11"]
[EventType "swiss"]
[EventDate "2018.05.19"]

1. d4 d5 2. Nf3 Nc6 3. e3 Nf6 4. Bd3 e6 5. Nbd2 Bd6 6. O-O O-O 7. b3 Re8 8. Bb2
Qe7 9. c4 Nb4 10. Be2 Bd7 11. c5 Bxc5 12. dxc5 Qxc5 13. Rc1 Qd6 14. Bd4 Ng4 15.
Bc5 Qc6 16. Bxb4 Qb6 17. Bc5 Qc6 18. Nd4 Qa6 19. Bxa6 bxa6 20. Qxg4 e5 21. Qxd7
exd4 22. Qxd5 dxe3 23. Bxe3 Rad8 24. Qf3 Re6 25. Rxc7 Rf6 26. Qb7 h6 27. Ne4
Re6 28. Rxf7 Rg6 29. h4 Rg4 30. f3 Rg6 31. h5 Kh7 32. hxg6+ Kxg6 33. Rxg7+ Kf5
34. Qe7 Re8 35. Qxe8 a5 36. Qe7 a4 37. Qf6# 1-0

[Event "DEM U10w 2018"]
[Site "Willingen GER"]
[Date "2018.05.22"]
[Round "5"]
[White "Schwenke, Mia"]
[Black "Chassard, Cecilia"]
[Result "1-0"]
[Termination "normal"]
[Board "12"]
[WhiteElo "1062"]
[BlackElo "821"]
[PlyCount "45"]
[WhiteFideId "16263332"]
[BlackFideId "16271831"]
[EventCountry "GER"]
[EventRounds "11"]
[EventType "swiss"]
[EventDate "2018.05.19"]

1. e4 e5 2. Nf3 Nc6 3. Bc4 Bc5 4. c3 Nf6 5. d4 exd4 6. e5 Nxe5 7. Nxe5 Qe7 8.
cxd4 Bb4+ 9. Bd2 Bxd2+ 10. Nxd2 d6 11. Ndf3 dxe5 12. Nxe5 Be6 13. Qb3 Bxc4 14.
Qxc4 O-O 15. O-O Rad8 16. Rae1 Qd6 17. Rd1 Qe7 18. Rfe1 Qd6 19. a4 Qd5 20. Qxc7
Nd7 21. a5 Rfe8 22. Nxd7 Rxd7 23. Rxe8# 1-0

[Event "DEM U10w 2018"]
[Site "Willingen GER"]
[Date "2018.05.22"]
[Round "5"]
[White "Heuberger, Sandra"]
[Black "Bangiev, Katharina"]
[Result "0-1"]
[Termination "normal"]
[Board "14"]
[WhiteElo "1132"]
[BlackElo "1009"]
[PlyCount "128"]
[WhiteFideId "16232151"]
[BlackFideId "16267230"]
[EventCountry "GER"]
[EventRounds "11"]
[EventType "swiss"]
[EventDate "2018.05.19"]

1. e4 e5 2. Nf3 Nc6 3. d4 exd4 4. Nxd4 Nge7 5. Be3 Nxd4 6. Bxd4 Nc6 7. Bc4 Qe7
8. Nc3 d6 9. O-O Be6 10. Bb3 O-O-O 11. Be3 a6 12. a4 Bxb3 13. cxb3 Qe6 14. Re1
Na5 15. Ra3 Be7 16. f3 Rd7 17. Re2 Rhd8 18. Rd2 Bf6 19. Ne2 d5 20. Nf4 Qe5 21.
g3 dxe4 22. fxe4 Qxe4 23. Ng2 Rxd2 24. Bxd2 Qd4+ 25. Kh1 Qxd2 26. Qxd2 Rxd2 27.
h3 Rxb2 28. Ra1 Nxb3 29. Rg1 b5 30. axb5 axb5 31. h4 Nd2 32. g4 g5 33. hxg5
Bxg5 34. Re1 Rb1 35. Rxb1 Nxb1 36. Kh2 b4 37. Ne1 b3 38. Nd3 Bf6 39. Kg3 b2 40.
Kf4 Na3 41. Nxb2 Bxb2 42. g5 Kd7 43. Kf5 Ke7 44. Kg4 c5 45. Kf3 c4 46. Ke4 c3
47. Ke5 c2+ 48. Kf5 c1=Q 49. Ke4 Qc5 50. Kd3 Qb4 51. Ke3 Qc4 52. Kd2 Qc3+ 53.
Ke2 Ke6 54. g6 hxg6 55. Kf2 Qd3 56. Kg2 Qe3 57. Kh2 Kf5 58. Kg2 Kg4 59. Kh2
Qh3+ 60. Kg1 Qg3+ 61. Kh1 Qe3 62. Kh2 Qe2+ 63. Kh1 Kg3 64. Kg1 Qd1# 0-1

[Event "DEM U10w 2018"]
[Site "Willingen GER"]
[Date "2018.05.22"]
[Round "5"]
[White "Wilmink, Anna"]
[Black "Tobias, Franziska Ylvi"]
[Result "1-0"]
[Termination "normal"]
[Board "15"]
[WhiteElo "1137"]
[BlackElo "909"]
[PlyCount "53"]
[WhiteFideId "16273680"]
[BlackFideId "16272404"]
[EventCountry "GER"]
[EventRounds "11"]
[EventType "swiss"]
[EventDate "2018.05.19"]

1. e4 e5 2. Nf3 Nc6 3. d4 exd4 4. Nxd4 Nf6 5. Nc3 Bb4 6. Nxc6 bxc6 7. Bd3 O-O
8. O-O d5 9. Bg5 Be7 10. exd5 cxd5 11. Bxf6 Bxf6 12. Nxd5 Qxd5 13. Bxh7+ Kxh7
14. Qxd5 g6 15. Qxa8 Bxb2 16. Rab1 Be5 17. Qe4 Re8 18. Qh4+ Kg8 19. Rfe1 Ba6
20. Qg5 f6 21. Qxg6+ Kf8 22. Qh5 Bxh2+ 23. Kxh2 Rxe1 24. Rxe1 c6 25. Re8+ Kg7
26. Re7+ Kf8 27. Qf7# 1-0

[Event "DEM U10w 2018"]
[Site "Willingen GER"]
[Date "2018.05.22"]
[Round "5"]
[White "Fischer, Juliane"]
[Black "Scherer, Pia"]
[Result "0-1"]
[Termination "normal"]
[Board "18"]
[WhiteElo "929"]
[BlackElo "740"]
[PlyCount "62"]
[WhiteFideId "16290135"]
[EventCountry "GER"]
[EventRounds "11"]
[EventType "swiss"]
[EventDate "2018.05.19"]

1. e4 e5 2. Nf3 Nc6 3. Bc4 Bc5 4. Nc3 Nf6 5. d3 O-O 6. Bg5 d6 7. h3 h6 8. Bh4
Re8 9. Qd2 a6 10. O-O-O b5 11. Bd5 Bb7 12. g4 Rb8 13. g5 b4 14. Na4 b3 15. Bxb3
Bb4 16. Qe3 d5 17. gxf6 d4 18. Qe2 Qd6 19. fxg7 Na5 20. Bc4 Nxc4 21. dxc4 Bc6
22. Nc3 Bxc3 23. bxc3 Qa3+ 24. Kd2 Qxc3+ 25. Kc1 Ba4 26. Ne1 Qa1+ 27. Kd2 Qc3+
28. Kc1 Rb2 29. Qd2 Qa3 30. Nd3 Rxc2+ 31. Kb1 Qxa2# 0-1